000 00620nam a2200241Ia 4500
003 OSt
005 20220918222733.0
006 a|||||r|||| 00| 0
007 ta
008 220917b |||||||| |||| 00| 0 eng d
024 _a218,059
037 _cTextual
040 _aARTS
_cARTS
_beng
041 _2eng
_aeng
082 _aV5:7.A, P2
100 _aBradley Richard
_9107230
245 0 _aPast in prehistoric societies
260 _aNew York
_bRoutledge
_c2002
300 _axiii, 171p
_ccm.
650 _aHISTORY
942 _hV5:7.A, P2
_cTEXL
_2CC
999 _c276361
_d276361